000 00218 a2200097 4500
020 _a9780385340991
041 _aeng
100 _aShaffer, Mary ann
245 _aThe guernsey literary and potato peel pie society
942 _cBK
999 _c39
_d39